Between Two Flags: (Record no. 13232)
[ view plain ]
| 000 -LEADER | |
|---|---|
| fixed length control field | 00938cam a2200241 4500 |
| 001 - CONTROL NUMBER | |
| control field | 772127 |
| 005 - DATE AND TIME OF LATEST TRANSACTION | |
| control field | 20100104153615.0 |
| 008 - FIXED-LENGTH DATA ELEMENTS--GENERAL INFORMATION | |
| fixed length control field | 730419r1973 nyua |rb 001 0beng d |
| 010 ## - LIBRARY OF CONGRESS CONTROL NUMBER | |
| LC control number | 72087605 |
| 020 ## - INTERNATIONAL STANDARD BOOK NUMBER | |
| International Standard Book Number | 0399110615 |
| 040 ## - CATALOGING SOURCE | |
| Original cataloging agency | DLC |
| Transcribing agency | DLC |
| Modifying agency | DLC |
| 050 00 - LIBRARY OF CONGRESS CALL NUMBER | |
| Classification number | DT108.05.S6 |
| Item number | B76 1973 |
| 082 00 - DEWEY DECIMAL CLASSIFICATION NUMBER | |
| Classification number | 355.3320924 |
| Edition number | 22 |
| Item number | BRO |
| 100 2# - MAIN ENTRY--PERSONAL NAME | |
| Personal name | Brook-Shepherd, Gordon, |
| Dates associated with a name | 1918- |
| 9 (RLIN) | 10760 |
| 245 10 - TITLE STATEMENT | |
| Title | Between Two Flags: |
| Remainder of title | The Life of Baron Sir Rudolf von Slatin Pasha, GCVO, KCMG, CB / |
| Statement of responsibility, etc | by Gordon Brook-Shepherd. |
| 260 ## - PUBLICATION, DISTRIBUTION, ETC. (IMPRINT) | |
| Place of publication, distribution, etc | New York: |
| Name of publisher, distributor, etc | Putnam, 1973 |
| Date of publication, distribution, etc | 1973 |
| 300 ## - PHYSICAL DESCRIPTION | |
| Extent | xvii, 366 p. : |
| Other physical details | ill. ; |
| Dimensions | 22 cm. |
| 500 ## - GENERAL NOTE | |
| General note | Donated by: Alaa Abdel Ghany |
| 504 ## - BIBLIOGRAPHY, ETC. NOTE | |
| Bibliography, etc | Includes bibliographical references and index |
| 600 10 - SUBJECT ADDED ENTRY--PERSONAL NAME | |
| Personal name | Slatin, Rudolf Carl, |
| Titles and other words associated with a name | Freiherr von, |
| Dates associated with a name | 1857-1932. |
| 9 (RLIN) | 10761 |
| 942 ## - ADDED ENTRY ELEMENTS (KOHA) | |
| Source of classification or shelving scheme | Dewey Decimal Classification |
| Item type | Book - Borrowing |
| Withdrawn status | Item status | Source of classification or shelving scheme | Damaged status | Not for loan | Vendor | Home library | Current library | Shelving location | Date acquired | Source of acquisition | Total Checkouts | Full call number | Barcode | Date last seen | Koha item type |
|---|---|---|---|---|---|---|---|---|---|---|---|---|---|---|---|
| Dewey Decimal Classification | Central Library | Central Library | First floor | 31/01/2010 | Donation | 355.3320924 BRO | 000019438 | 15/07/2025 | Book - Borrowing |